Odpowiedź się zaczyna na literę A - Statystyki

Ogólne statystyki
  • Ten quiz został rozwiązany 72 razy
  • Średni wynik to 3 z 6
Statystyki odpowiedzi
A Odpowiedź % Poprawnych
4. Kontynent w którym jest bangladesz Azja
89%
1. Kraj który graniczy z Serbią Albania
85%
5. 1 z krajów który jest w skład Wielkiej Brytanii Anglia
82%
6. Najpopularniejsze imię mężczyzn na literę A w 2024 Aleksander
29%
3. Mały i popularny sklep ABC
23%
2. Stolica Paragwaju Asucion
6%
Nie znaleziono quizów pasujących do podanych kryteriów
Rozkład punktacji
Procent ludzi z każdym wynikiem
Percentyl według liczby udzielonych odpowiedzi
Twoja historia wyników
Nie rozwiązałeś tego quizu